| 000 | 01129nkm a2200265 i 4500 | ||
|---|---|---|---|
| 001 | 4331 | ||
| 003 | ES-MaACL | ||
| 005 | 20250713063018.0 | ||
| 007 | khrbo | ||
| 008 | 070709s1988 sp --- g |001||spa d | ||
| 100 | 0 |
_aAlfonso, _d1902-1990 _919858 |
|
| 245 | 1 | 0 |
_aFarmacia y medicina [ _hFotografía] _b: ciencias del área de la sanidad / _cAlfonso (sello). |
| 260 |
_a[S.l. : _bs.n.], _c1988. |
||
| 300 |
_a2 fot. : _bb. y n. ; _c12 x 18 cm. |
||
| 500 | _aDatos basados en invitación. | ||
| 511 | 0 | _aInterviene: Ernesto Moro Campol; presenta: Tomás Mijimolle. | |
| 518 | _aActo organizado por la Sección de Farmacia del Ateneo de Madrid, celebrado en la sala de conferencias el viernes, 20 de mayo de 1988, a las 20:00 h. | ||
| 600 | 1 | 4 |
_aMoro Campol, Ernesto. _983622 |
| 600 | 1 | 4 |
_aMijimolle, Tomás. _981067 |
| 610 | 2 | 4 |
_aAteneo de Madrid- _xActos culturales- _y1988- _vFotografías. _91903 |
| 710 | 2 |
_aAteneo de Madrid. _bSección de Farmacia. _91991 |
|
| 852 |
_aES-MaACL _jFOT 145/1988 |
||
| 856 | 4 |
_uhttp://www.ateneodemadrid.net/biblioteca_digital/imagenes/1988/0145-1988.jpg _zVer imagen |
|
| 999 |
_c4331 _d4331 |
||